000 01709cam a2200469 a 4500
001 713787016
003 OCoLC
005 20230405121715.0
008 110330s2011 ii a b 000 0aeng d
010 _a2011323107
020 _a978-0-143-41609-8
_q(pbk.)
020 _a014341609X
_q(pbk.)
025 _aI-E-2011-323107; 25
035 _a(OCoLC)713787016
037 _bLibrary of Congress -- New Delhi Overseas Office
040 _aDKAGE
_beng
_cDLC
_dDKAGE
_dNJR
_dCDX
_dIXA
_dOCLCO
_dOCLCF
_dOCLCO
_dOCLCQ
041 1 _aeng
_hurd
042 _alccopycat
_alcode
043 _aa-ii---
050 0 0 _aHV40.32.Q26
_bQ26 2011
082 0 4 _a303.62
_222
100 1 _aAnis Kidwai
_d1906-1982
240 1 0 _aĀzādī kī chāʼoṉ men.
_lEnglish
245 1 0 _aIn freedom's shade /
_cAnis Kidwai ; translated by Ayesha Kidwai
260 _a[Bangalore] :
_bNew India Foundation ;
_aNew Delhi :
_bPenguin Books India,
_c2011
300 _axxv, 382 pages :
_billustrations ;
_c22 cm
336 _atext
_btxt
_2rdacontent
337 _aunmediated
_bn
_2rdamedia
338 _avolume
_bnc
_2rdacarrier
500 _aTranslated from Urdu
504 _aIncludes bibliographical references (pages 381-382)
520 _aReminiscences of the author, a social worker; chiefly on the communal riots during the partition of India in 1947
600 1 0 _aQidvāʼī, Anis,
_d1906-1982
650 0 _aSocial workers
_zIndia
_vBiography
650 0 _aRiots
_zIndia
_zDelhi
650 0 _aCommunalism
_zIndia
_xHistory
651 0 _aIndia
_xHistory
_yPartition, 1947
655 7 _aBiography.
_2fast
_0(OCoLC)fst01423686
655 7 _aHistory.
_2fast
_0(OCoLC)fst01411628
942 _2ddc
_cMAIN
999 _c9476
_d9477